|
|
|
|
| LEADER |
00000nam a2200000 a 4500 |
| 001 |
vtls001344956 |
| 003 |
SK-MaSNL |
| 005 |
20260301200713.0 |
| 008 |
240316sm y0 xo r 0 slo |
| 020 |
|
|
|c b.c.
|
| 035 |
|
|
|a SNK000298165
|
| 040 |
|
|
|a SNK
|b slo
|c SNK
|e AACR2
|
| 044 |
|
|
|a xo
|c SK
|
| 100 |
1 |
|
|a Rosmer, Paulus
|4 aut
|9 580244
|
| 245 |
1 |
|
|a Conclusiones Theologicae, De Actibus Humanis, In Alma Universitate Graecensi Societatis Jesu Propugnatae, A...
|
| 260 |
|
|
|a Graecii
|b Typis Francisci Widmanstadii
|c [1659]
|
| 999 |
|
|
|c 891719
|d 893649
|
| 952 |
|
|
|t P60, <04>, [BOOK], {604}
|a SNK
|b SNK
|y VYP
|7 0
|p 17A0161249
|o snkIE 9736
|i snkD 1537/98
|0 0
|1 0
|4 0
|d 1998-10-12
|l 0
|r 2005-01-02 00:00:00
|w 2026-02-24
|